Derecho ambiental y gobernanza:la concertación como actuación informal de la administración/Erika Castro Buitrago (Registro nro. 19439)
[ vista simple ]
| 000 -LEADER | |
|---|---|
| fixed length control field | 00730nam a22002051a 4500 |
| 001 - CONTROL NUMBER | |
| control field | 19439 |
| 003 - CONTROL NUMBER IDENTIFIER | |
| control field | OSt |
| 005 - DATE AND TIME OF LATEST TRANSACTION | |
| control field | 20260204212453.0 |
| 008 - FIXED-LENGTH DATA ELEMENTS--GENERAL INFORMATION | |
| fixed length control field | 190529s2017||||ck ||||||b||||||||||spa|| |
| 020 ## - NUMERO DE LIBRO INTERNACIONAL NORMALIZADO | |
| International Standard Book Number | 9789588992259 |
| 082 ## - DEWEY DECIMAL CLASSIFICATION NUMBER | |
| Classification number | 344.046 C355d |
| 100 ## - ASIENTO PRINCIPAL -- NOMBRE PERSONAL | |
| Personal name | Castro Buitrago, Erika |
| 245 ## - TÍTULO PROPIAMENTE DICHO: SUBTÍTULO | |
| Title | Derecho ambiental y gobernanza:la concertación como actuación informal de la administración/Erika Castro Buitrago |
| 264 ## - PRODUCTION, PUBLICATION, DISTRIBUTION, MANUFACTURE, AND COPYRIGHT NOTICE | |
| Place of production, publication, distribution, manufacture | Medellín,Colombia:Universidad de Medellín |
| 300 ## - PHYSICAL DESCRIPTION | |
| Extensión | 454 Páginas |
| 500 ## - GENERAL NOTE | |
| General note | Incluye Bibliografía |
| 650 ## - ASIENTO SECUNDARIO DE MATERIA -- TERMINO TEMÁTICO | |
| Termino Temático Como Elemento de Entrada | Derecho ambiental 2.Derecho administrativo 3.Gestión ambiental-Administración pública 4.Política ambiental |
| 700 ## - ASIENTO SECUNDARIO -- NOMBRE PERSONAL | |
| Personal name | López Escobar, Leonardo DavidÌ |
| 942 ## - ADDED ENTRY ELEMENTS (KOHA) | |
| Source of classification or shelving scheme | Dewey Decimal Classification |
| Koha item type | Libros |
| Withdrawn status | Lost status | Source of classification or shelving scheme | Damaged status | Not for loan | Current library | Date acquired | Total Checkouts | Full call number | Barcode | Date last seen | Price effective from | Koha item type |
|---|---|---|---|---|---|---|---|---|---|---|---|---|
| Dewey Decimal Classification | Biblioteca UTECO | 09/09/2019 | 344.046 C355D | 019192 | 09/09/2019 | 09/09/2019 | Libros | |||||
| Dewey Decimal Classification | Biblioteca UTECO | 09/09/2019 | 344.046 C355D | 019193 | 09/09/2019 | 09/09/2019 | Libros | |||||
| Dewey Decimal Classification | Biblioteca UTECO | 09/09/2019 | 344.046 C355D | 019194 | 09/09/2019 | 09/09/2019 | Libros |
